Leisure, toward a theory and policy : proceedings of the International Seminar on Leisure Policies, Jerusalem, 11-14 June 1979 /

Bibliographic Details
Corporate Authors: International Seminar on Leisure Policies Jerusalem, Israel Leisure and Recreation Association
Other Authors: Ruskin, Hillel
Format: Conference Proceeding Book
Language:English
Published: Rutherford : Fairleigh Dickinson University Press, [1984]
Subjects:

MARC

Tag First Indicator Second Indicator Subfields
LEADER 00000pam a2200000 a 4500
001 in00000548765
005 20151014051507.0
008 830812s1984 nju b 10110 eng
010 |a  82048608  
020 |a 0838631347 
035 |a (OCoLC)09854042 
035 |9 ACJ4663AM 
039 0 |a 2  |b 3  |c 3  |d 3  |e 3 
040 |a DLC  |c DLC  |d TXA  |d UtOrBLW 
049 |a TXAM  |c [A08300728] 
050 0 0 |a GV4  |b .I62 1979 
082 0 |a 790/.01/35  |2 19 
111 2 |a International Seminar on Leisure Policies  |d (1979 :  |c Jerusalem) 
245 1 0 |a Leisure, toward a theory and policy :  |b proceedings of the International Seminar on Leisure Policies, Jerusalem, 11-14 June 1979 /  |c edited by Hillel Ruskin ; sponsored by Israel Leisure and Recreation Association [and others]. 
264 1 |a Rutherford :  |b Fairleigh Dickinson University Press,  |c [1984] 
264 4 |c ©1984 
300 |a 191 pages ;  |c 22 cm. 
336 |a text  |b txt  |2 rdacontent 
337 |a unmediated  |b n  |2 rdamedia 
338 |a volume  |b nc  |2 rdacarrier 
504 |a Includes bibliographies and indexes. 
650 0 |a Leisure  |v Congresses. 
650 0 |a Leisure  |x Government policy  |x Congresses. 
700 1 |a Ruskin, Hillel. 
710 2 |a Israel Leisure and Recreation Association. 
999 |a MARS 
999 f f |s 2de14bda-d471-3965-8914-118d7f8a6e88  |i 96c4aa14-d491-3011-8d7f-5b151d63e8a0  |t 0 
952 f f |p ric  |a Texas A&M University  |b Rellis Campus  |c Joint Library Facility  |d Remote Storage  |t 0  |e GV4 .I62 1979  |h Library of Congress classification  |i unmediated -- volume  |m A14808300728 
998 f f |a GV4 .I62 1979  |t 0  |l Remote Storage